| 000 | 01043pam a2200289 a 4500 | ||
|---|---|---|---|
| 999 |
_c174392 _d174392 |
||
| 001 | 616207 | ||
| 003 | Nust | ||
| 005 | 20170125115745.0 | ||
| 008 | 920908s1993 nyua 000 1 eng | ||
| 010 | _a 92030678 | ||
| 020 | _a033032148X | ||
| 040 |
_aDLC _cDLC _dOCoLC _dDLC |
||
| 043 | _an-us-fl | ||
| 050 | 0 | 0 |
_aPS3553.O5545 _bT47 1993 |
| 082 | 0 | 0 |
_a813.54 _bCOO |
| 100 | 1 |
_aCook, Robin, _d1940- |
|
| 245 | 1 | 0 |
_aTerminal / _cRobin Cook. |
| 260 |
_aNew York : _bPutnam, _c1993. |
||
| 300 |
_a445 p. : _bill. ; _c23 cm. |
||
| 650 | 0 |
_aCancer _xTreatment _xFiction. |
|
| 651 | 0 |
_aMiami (Fla.) _xFiction. |
|
| 655 | 7 |
_aMedical novels. _2gsafd |
|
| 655 | 7 |
_aDetective and mystery stories. _2gsafd |
|
| 906 |
_a7 _bcbc _corignew _d1 _eocip _f19 _gy-gencatlg |
||
| 942 |
_2ddc _cBK |
||